Sołectwa w gminie Obrowo - Statystyki

Ogólne statystyki
  • Ten quiz został rozwiązany 10 razy
  • Średni wynik to 7 z 21
Statystyki odpowiedzi
Odpowiedź % Poprawnych
Dzikowo
86%
Obrowo
86%
Osiek
86%
Brzozówka
71%
Silno
71%
Dobrzejewice
57%
Sąsieczno
57%
Głogowo
29%
Szembekowo
29%
Zawały
29%
Zębówiec
29%
Kawęczyn
14%
Łążyn
14%
Łążynek
14%
Obory
14%
Smogorzewiec
14%
Bartoszewo
0%
Kazimierzewo
0%
Kuźniki
0%
Skrzypkowo
0%
Zębowo
0%
Nie znaleziono quizów pasujących do podanych kryteriów
Rozkład punktacji
Procent ludzi z każdym wynikiem
Percentyl według liczby udzielonych odpowiedzi
Twoja historia wyników
Nie rozwiązałeś tego quizu